Les oiseaux noirs de France - Statistiques

Statistiques générales
  • Ce quiz a été pris 11 fois
  • Le résultat moyen est 20 sur 89
Statistiques - réponses
Hint Réponse % Correct
Oiseau Corbeau freux
80%
Oiseau Corneille noire
80%
Oiseau Grand corbeau
80%
Oiseau Merle noir
80%
Oiseau Choucas des tours
70%
Oiseau Cygne noir
70%
Oiseau Mésange charbonnière
70%
Oiseau Mésange noir
70%
Oiseau Gallinule poule d’eau
50%
Oiseau Pie bavarde
50%
Oiseau Chocard à bec jaune
40%
Oiseau Crave a bec rouge
40%
Oiseau Étourneau sansonnet
40%
Oiseau Faucon hobereau
40%
Oiseau Foulque macroule
40%
Oiseau Grand cormoran
40%
Oiseau Macreuse brune
40%
Oiseau Martinet noir
40%
Oiseau Pic noir
40%
Oiseau Chevalier arlequin
30%
Oiseau Cigogne noire
30%
Oiseau Cormoran huppé
30%
Oiseau Corneille mantelée
30%
Oiseau Faucon pèlerin
30%
Oiseau Fuligule milouinan
30%
Oiseau Gobemouche à collier
30%
Oiseau Gobemouche noir
30%
Oiseau Guillemot de troil
30%
Oiseau Macareux moine
30%
Oiseau Macreuse noire
30%
Oiseau Martinet a ventre blanc
30%
Oiseau Merle a plastron
30%
Oiseau Pingouin torda
30%
Oiseau Plongeon arctique
30%
Oiseau Bernache cravant
20%
Oiseau Bruant des roseaux
20%
Oiseau Étourneau unicolore
20%
Oiseau Faucon d’Eléonore
20%
Oiseau Fauvette mélanocéphale
20%
Oiseau Grand tétras
20%
Oiseau Grèbe a cou noir
20%
Oiseau Guifette leucoptère
20%
Oiseau Huîtrier pie
20%
Oiseau Mésange boréale
20%
Oiseau Mésange nonnette
20%
Oiseau Pinson du nord
20%
Oiseau Tarier pâtre
20%
Oiseau Tetras lyre
20%
Oiseau Erismature rousse
10%
Oiseau Étourneau roselin
10%
Oiseau Fuligule a tête noire
10%
Oiseau Garrot à œil d’or
10%
Oiseau Grue cendrée
10%
Oiseau Grue demoiselle
10%
Oiseau Guifette noire
10%
Oiseau Guillemot à miroir
10%
Oiseau Ibis chauve
10%
Oiseau Ibis sacré
10%
Oiseau Macreuse à bec jaune
10%
Oiseau Martinet cafre
10%
Oiseau Martinet des maisons
10%
Oiseau Martinet pale
10%
Oiseau Oceanite cul-blanc
10%
Oiseau Oceanite de wilson
10%
Oiseau Oceanite tempête
10%
Oiseau Plongeon Imbrin
10%
Oiseau Pluvier argenté
10%
Oiseau Pluvier bronzé
10%
Oiseau Pluvier doré
10%
Oiseau Sterne caugek
10%
Oiseau Canard musqué
0%
Oiseau Cygne a cou noir
0%
Oiseau Euplecte vorabé
0%
Oiseau Fauvette de rupell
0%
Oiseau Fauvette sarde
0%
Oiseau Fou brun
0%
Oiseau Fuligule à bec cerclé
0%
Oiseau Gobemouche à demi collier
0%
Oiseau Harle couronné
0%
Oiseau Macreuse à front lanc
0%
Oiseau Martin triste
0%
Oiseau Mergule nain
0%
Oiseau Nette demi deuil
0%
Oiseau Paruline noir et blanc
0%
Oiseau Pie grieche masquée
0%
Oiseau Sterne fuligineuse
0%
Oiseau Tarier de Sibérie
0%
Oiseau Traquet a tête blanche
0%
Oiseau Traquet pie
0%
Aucun quiz correspondant
Distribution des résultats
% des personnes avec chaque résultat
Percentile par nombre de réponses
Votre historique - résultats
Vous n’avez pas pris ce quiz